Lingüística aplicada

Gespeichert in:
Bibliographische Detailangaben
Hauptverfasser: Marcos Marín, Francisco Adolfo (autor), Sánchez Lobato, Jesús (VerfasserIn)
Format: Buch
Sprache:Spanisch
Veröffentlicht: Madrid Sintesís 1991
Schriftenreihe:Colección Lingüística, 17
Schlagworte:
Tags: Tag hinzufügen
Keine Tags, Fügen Sie den ersten Tag hinzu!

MARC

LEADER 00000nam a2200000 a 4500
001 UCJ2904
003 CL-VaPUC
008 070119e19910000SP |||||||||||||||||spa|d
020 |a 8477380066 
082 0 4 |a 418  |b MAR  |2 21 
100 |a Marcos Marín, Francisco Adolfo  |e autor  |9 421725 
700 0 |a Sánchez Lobato, Jesús  |e author  |9 503956 
245 1 0 |a Lingüística aplicada 
300 |a 166 p 
942 |c BK 
945 |d 20070119 00:00:00  |a jtorresc 
260 |a Madrid  |b Sintesís  |c 1991 
500 |a Donación de la Dra. Marianne Peronard Thierry 
650 0 |a Lingüística aplicada   |9 313266 
650 0 |a Educación lingüística  |9 306506 
650 0 |a Adquisición del lenguaje   |9 309032 
650 7 |a LINGUISTICA COMPUTACIONAL  |2 CL-VaPUC  |9 503957 
650 0 |a Análisis del discurso  |9 256696 
650 0 |a Lingüística de corpus  |9 503839 
583 |a last modification  |c 20070119 00:00:00  |k Rodrigo Vera 
490 0 |a Colección Lingüística, 17 
999 |c 319033  |d 319031 
952 |0 0  |1 0  |4 0  |6 418_000000000000000_MAR_1991  |7 0  |8 A  |9 397266  |a FDOPOS  |b FDOPOS  |d 2019-11-22  |i 431879K  |o 418 MAR 1991  |p 431879K  |r 2025-01-22  |w 2019-11-22  |y BK  |k MLA